Tendencias generales del arte y la literatura de la Centroamérica contemporánea/
Guardat en:
| Autor principal: | |
|---|---|
| Format: | Llibre |
| Idioma: | Spanish |
| Etiquetes: |
Afegir etiqueta
Sense etiquetes, Sigues el primer a etiquetar aquest registre!
|
MARC
| LEADER | 00000nam a22000007a 4500 | ||
|---|---|---|---|
| 003 | cru CIDCACS/IIS | ||
| 005 | 20180321101604.0 | ||
| 007 | ta | ||
| 008 | 180321s cr |||p|r||||||0| ||spa|d | ||
| 999 | |c 41161 |d 41161 | ||
| 040 | |c cru CIDCACS/IIS | ||
| 100 | 1 | |9 6814 |a Cuevas Molina, Rafael | |
| 245 | 1 | |a Tendencias generales del arte y la literatura de la Centroamérica contemporánea/ |c Rafael Cuevas Molina | |
| 300 | |a páginas 1-3: |b foto | ||
| 773 | 0 | |0 41151 |9 1899 |a Universidad Nacional de Costa Rica. |d Heredia, Costa Rica: IDELA ; ICAT-CIDEA, |o 18313 |t Suplemento Cultural/ | |
| 942 | |2 ddc |c PP | ||
